000 00361nam a22001337a 4500
008 160505b xxu||||| |||| 00| 0 eng d
020 _a9780781788076
020 _a0781788072
020 _a9780781788076
041 _aeng
080 _a618
245 _aObstetrics and gynecology:
_cCharles R. B.Beckmann; Frank W. Ling; Barbara M. Barzansky;
942 _2udc
_cBK
999 _c1807
_d1807